000 00452nam a2200181Ia 4500
001 16612
005 20260306170322.0
008 260306t2024||||xx |||||||||||||| ||und||
041 _aESP
082 _a348.8
_bN29
100 _aNavarrete Maldonado, Alejandro,
_eAUT
245 0 _aLa tercerización e intermediación laboral
260 _c2024
300 _a335 páginas :
_c25 cm.
650 _aGEN
654 _aCDE
942 _cLIB
_dJUS
_fJUS
_2ddc
_n
999 _c16612
_d16612